| 000 | 00765nam a2200229Ia 4500 | ||
|---|---|---|---|
| 003 | IN-BaIIA | ||
| 008 | 211028s9999 xx s 000 0 eng d | ||
| 020 | _a978-2-7598-1125-0 (Online) | ||
| 022 | _a1633-4760 (Print) | ||
| 022 | _a1638-1963 (Online) | ||
| 040 | _cIIA Library | ||
| 100 |
_aAlecian, G., ed. _938241 |
||
| 245 | 0 |
_aNew Advances in Stellar Physics: From Microscopic to Macroscopic Processes _h[eBook] |
|
| 260 |
_aFrance _bEDP Sciences _c2013 |
||
| 300 | _a413p. | ||
| 490 | _aEAS Publications Series | ||
| 700 |
_aLebreton, Y. _938242 |
||
| 700 |
_aRichard, O. _938243 |
||
| 700 |
_aVauclair, G. _938244 |
||
| 856 |
_uhttps://www.eas-journal.org/articles/eas/abs/2013/05/contents/contents.html _yClick Here to Access eBook |
||
| 942 | _cEB | ||
| 999 |
_c20657 _d20657 |
||